00686nam a2200193Ia 4500952013400000999001700134003000400151005001700155008004100172020001800213040000900231082001900240100002800259245009200287260004800379300000900427650001200436942004400448 00102ddc40708HISTORYaMESbMEScHISd2019-02-20g575.00l0o954.031 MET/Fp29648r2019-02-20 00:00:00w2019-02-20yBKzGL37R1 c21035d21035OSt20200623131301.0190216s9999||||xx |||||||||||||| ||und|| a9780195667097 coclc a954.031bMET/F aMetcalf, Thomas R93137 0aForging The Raj :bEssays On British Indian In The Heyday Of Empire /cThomas R Metcalf bOxford University Press,aNew Delhi:c2005. a317p aHistory cBK2ddch954.031iMET/Fk954.031mMET/F